| 000 | 00804nas a2200277 4500 | ||
|---|---|---|---|
| 001 | BR0805503 | ||
| 003 | BR-BrBNA | ||
| 005 | 20231205112436.0 | ||
| 007 | ta | ||
| 008 | 230509b bl.|||p| |||| 00| 00por d | ||
| 040 |
_aBR-BrBNA _bpor _cBiblioteca Nacional de Agricultura |
||
| 041 | _a(Pt) | ||
| 072 | _aQ02 | ||
| 100 | 1 | _aSoler, M.P. | |
| 100 | 1 | _aVitali, A. de A. | |
| 100 | 1 | _aMuto, E.F. | |
| 245 | 1 | _aTecnologia de quebra do coco babaçu (Orbignya speciosa) | |
| 650 | _aBABAÇU | ||
| 650 | _aDESCASCAMENTO | ||
| 650 | _aAMÊNDOA | ||
| 650 | _aTAMANHO | ||
| 650 | _aTECNOLOGIA DE ALIMENTO | ||
| 773 | 0 |
_tCiência e Tecnologia de Alimentos (Brazil) _xISSN 0101-2061 _g(Oct-Dec 2007), v. 27(4) p. 717-722 _wBR0805503 |
|
| 909 |
_a202311 _bLúcia _c55 _dLúcia Elande |
||
| 942 |
_2AGRIS _n0 _cANA |
||
| 999 |
_c198095 _d198095 |
||